000 00920nam a2200265Ia 4500
003 OSt
005 20221005110644.0
006 a|||||r|||| 00| 0
007 ta
008 221004b |||||||| |||| 00| 0 hin d
020 _a9788126723010 (hbk)
_c400
024 _a12714
037 _bBR8175, 20/03/2014, Rajkamal Prakashan Pvt. Ltd.
_cTextual
040 _aCRL
_cCRL
_bhin
041 _2hin
_ahin
082 _aO152,3N381,AN, M0;Q2
100 _aगर्ग, मृदुला
245 0 _aअनित्य
246 _aAnitya
260 _aनई दिल्ली
_bराजकमल प्रकाशन भारत
_c2012
300 _a261पृ0
_ccm.
650 _aहिन्दी साहित्य
942 _hO152,3N381,AN, M0;Q2
_cTEXL
_2cc
999 _c1019487
_d1019487